[Event "40th ECC Open 2025"]
[Site "Rhodes GRE"]
[Date "2025.10.23"]
[Round "5.41"]
[White "Ivic, Velimir"]
[Black "Grandelius, Nils"]
[Result "1/2-1/2"]
[WhiteTitle "GM"]
[BlackTitle "GM"]
[WhiteElo "2628"]
[BlackElo "2645"]
[WhiteTeam "Alkaloid"]
[BlackTeam "Novy Bor"]
[WhiteFideId "950122"]
[BlackFideId "1710400"]
[EventDate "2025.10.19"]
[EventType "team"]

1. e4 e5 2. Nf3 Nc6 3. Bc4 d6 4. Nc3 Na5 5. Be2 c5 6. a3 Nf6 7. b4 Nc6 8. Bb5
cxb4 9. axb4 Be7 10. O-O O-O 11. Rb1 Bg4 12. Bxc6 bxc6 13. h3 Bxf3 14. Qxf3 d5
15. d3 Rb8 16. exd5 Bxb4 17. Na2 Bd6 18. Rxb8 Bxb8 19. Ba3 Re8 20. dxc6 Qa5 21.
d4 exd4 22. g3 h5 23. Rb1 h4 24. gxh4 Nh5 25. Nb4 Nf4 26. Kh1 Bd6 27. Rg1 d3 28.
c7 Bxc7 29. Qc6 Re6 30. Qa8+ Kh7 31. Bb2 Nh5 32. Nxd3 Qf5 33. Rg4 Re2 34. Qc6
Bb8 35. Kg2 f6 36. Qf3 Qxf3+ 37. Kxf3 Rxc2 38. Ra4 Rd2 39. Ke3 Rd1 40. Ra1 Rxa1
41. Bxa1 Kg6 42. Ke4 f5+ 43. Kd5 Nf4+ 44. Nxf4+ Bxf4 45. h5+ Kf7 46. Bc3 Bg5 47.
Ba5 Bf4 48. f3 Bg3 49. Bd2 Bc7 50. Kc6 Bd8 51. Kd6 Bf6 52. Kd5 Bb2 53. Ba5 Ba1
54. Be1 Bb2 55. Ba5 Bf6 56. Bd2 Bd8 57. Kd6 a6 58. Be1 Bf6 59. Ba5 Bd4 60. Kd5
Bb2 61. Be1 1/2-1/2

[Event "40th ECC Open 2025"]
[Site "Rhodes GRE"]
[Date "2025.10.23"]
[Round "5.42"]
[White "Anton Guijarro, David"]
[Black "Puranik, Abhimanyu"]
[Result "1/2-1/2"]
[WhiteTitle "GM"]
[BlackTitle "GM"]
[WhiteElo "2631"]
[BlackElo "2615"]
[WhiteTeam "Novy Bor"]
[BlackTeam "Alkaloid"]
[WhiteFideId "2285525"]
[BlackFideId "5061245"]
[EventDate "2025.10.19"]
[EventType "team"]

1. d4 Nf6 2. c4 g6 3. Nc3 d5 4. cxd5 Nxd5 5. e4 Nxc3 6. bxc3 Bg7 7. Be3 c5 8.
Qd2 Qa5 9. Rc1 O-O 10. Nf3 Nd7 11. Bd3 e5 12. d5 f5 13. Bg5 Nf6 14. c4 Qc7 15.
Bxf6 Bxf6 16. h4 f4 17. Be2 Qg7 18. Rb1 b6 19. a4 h6 20. Qd1 Bd7 21. Nd2 h5 22.
Nf3 Qe7 23. Ra1 Kg7 24. Ra3 Bg4 25. a5 Rab8 26. axb6 axb6 27. Qa1 Rb7 28. g3
fxg3 29. fxg3 Bxf3 30. Rxf3 Ra7 31. Qb1 Qd6 32. O-O Be7 33. Rxf8 Bxf8 34. Qb5
Rf7 35. Bd1 Rxf1+ 36. Kxf1 Be7 37. Kg2 Bd8 38. Qe8 Qe7 39. Qc6 Qc7 40. Qe6 Qe7
41. Qc6 Qc7 42. Qa8 Qe7 43. Be2 Qd6 44. Bf1 Qe7 45. Qc6 Qc7 46. Qe8 Qe7 47. Qa4
g5 48. hxg5 Qxg5 49. Qd7+ Qe7 50. Qf5 Qg5 51. Kf3 Qxf5+ 52. exf5 Kf6 53. Ke4 Bc7
54. Be2 Kg5 55. f6 Kxf6 56. Bxh5 Kg5 57. Bd1 Bb8 58. Ke3 Bd6 59. g4 Be7 60. Ke4
Bd6 61. Bf3 Bc7 62. Bd1 Bd6 63. Bf3 1/2-1/2

[Event "40th ECC Open 2025"]
[Site "Rhodes GRE"]
[Date "2025.10.23"]
[Round "5.43"]
[White "Gukesh, D"]
[Black "Giri, Anish"]
[Result "1/2-1/2"]
[WhiteTitle "GM"]
[BlackTitle "GM"]
[WhiteElo "2752"]
[BlackElo "2759"]
[WhiteTeam "SuperChess"]
[BlackTeam "BayeganPendik chess sports"]
[WhiteFideId "46616543"]
[BlackFideId "24116068"]
[EventDate "2025.10.19"]
[EventType "team"]

1. d4 Nf6 2. c4 e6 3. Nc3 Bb4 4. f3 c5 5. a3 Ba5 6. dxc5 Bxc3+ 7. bxc3 Na6 8. e4
Nxc5 9. e5 Ng8 10. Be3 b6 11. Nh3 Ne7 12. Be2 Qc7 13. Bd4 Bb7 14. O-O O-O 15.
Qe1 d6 16. exd6 Qxd6 17. Rd1 e5 18. Be3 Qc7 19. Qf2 Rad8 20. Bxc5 Qxc5 21. Qxc5
bxc5 22. Nf2 Ng6 23. Rxd8 Rxd8 24. Rb1 Bc6 25. Kf1 Nf4 26. Bd3 Bd7 27. Rb7 Be6
28. Kg1 f5 29. Bf1 Rd2 30. Rc7 Ne2+ 31. Bxe2 Rxe2 32. Nd3 Bxc4 33. Nxc5 Re1+ 34.
Kf2 Re2+ 35. Kg1 Re1+ 36. Kf2 Re2+ 1/2-1/2

[Event "40th ECC Open 2025"]
[Site "Rhodes GRE"]
[Date "2025.10.23"]
[Round "5.44"]
[White "Mamedyarov, Shakhriyar"]
[Black "Van Foreest, Jorden"]
[Result "1/2-1/2"]
[WhiteTitle "GM"]
[BlackTitle "GM"]
[WhiteElo "2742"]
[BlackElo "2697"]
[WhiteTeam "BayeganPendik chess sports"]
[BlackTeam "SuperChess"]
[WhiteFideId "13401319"]
[BlackFideId "1039784"]
[EventDate "2025.10.19"]
[EventType "team"]

1. c4 Nf6 2. Nc3 g6 3. g3 Bg7 4. Bg2 O-O 5. d4 d6 6. Nf3 Bf5 7. O-O Ne4 8. Nh4
Nxc3 9. bxc3 Bc8 10. f4 e6 11. e4 e5 12. Nf3 Nd7 13. fxe5 dxe5 14. Bg5 Qe8 15.
c5 c6 16. Qd2 b6 17. cxb6 axb6 18. a4 Ra5 19. Rfe1 exd4 20. cxd4 c5 21. Bh6 cxd4
22. Bxg7 Kxg7 23. Qxd4+ Ne5 24. Nxe5 Qxe5 25. Qxb6 Bd7 26. Red1 Bxa4 27. Rdb1
Rfa8 28. Qb2 Qxb2 29. Rxb2 Bd7 30. Rxa5 Rxa5 31. Kf2 Kf6 32. Bf1 Ra3 33. Bc4 Be6
34. Bd5 Ke5 35. Rb7 h5 36. h4 Rd3 37. Bxe6 Kxe6 1/2-1/2

[Event "40th ECC Open 2025"]
[Site "Rhodes GRE"]
[Date "2025.10.23"]
[Round "5.45"]
[White "Maghsoodloo, Parham"]
[Black "Rapport, Richard"]
[Result "1-0"]
[WhiteTitle "GM"]
[BlackTitle "GM"]
[WhiteElo "2697"]
[BlackElo "2724"]
[WhiteTeam "SuperChess"]
[BlackTeam "BayeganPendik chess sports"]
[WhiteFideId "12539929"]
[BlackFideId "738590"]
[EventDate "2025.10.19"]
[EventType "team"]

1. d4 Nf6 2. c4 g6 3. Nc3 Bg7 4. e4 d6 5. h3 Nbd7 6. Be3 e5 7. Nf3 exd4 8. Nxd4
O-O 9. Qd2 Re8 10. f3 c6 11. O-O-O d5 12. exd5 cxd5 13. Bh6 Bxh6 14. Qxh6 Qe7
15. cxd5 Nb6 16. Nc2 Bd7 17. d6 Qd8 18. Rd4 Rc8 19. Bd3 Re5 20. Qd2 Be6 21. Kb1
Rc6 22. f4 Ra5 23. f5 Bxf5 24. Bxf5 Rxf5 25. Ne3 Re5 26. Ng4 Nxg4 27. hxg4 Nd7
28. Ne4 Qf8 29. g5 Re6 30. g4 Rc8 31. Qh2 h6 32. gxh6 Rce8 33. Qf4 f6 34. a3 Re5
35. Rc1 g5 36. Qf3 Qxh6 37. Qb3+ Kf8 38. Qxb7 Qh7 39. Ka1 a5 40. Ng3 Re1 41.
Rdd1 Rxd1 42. Rxd1 Rb8 43. Qc7 Qh2 44. Qc3 Qh3 45. Rh1 Qxg4 46. Qd3 f5 47. Nxf5
Qg2 48. Rb1 Qf2 49. Qh3 Rb7 50. Ne7 Kg7 51. Qc3+ Nf6 52. Qxa5 Qf4 53. Qc3 Kf7
54. Rd1 g4 55. Nd5 Qxd6 56. Rf1 Qxd5 57. Qxf6+ Kg8 58. Rc1 Rg7 59. Rc8+ Kh7 60.
Qh4+ Kg6 61. Qxg4+ Kh7 62. Qh4+ Kg6 63. Qc4 1-0

[Event "40th ECC Open 2025"]
[Site "Rhodes GRE"]
[Date "2025.10.23"]
[Round "5.46"]
[White "Nihal, Sarin"]
[Black "Sarana, Alexey"]
[Result "1/2-1/2"]
[WhiteTitle "GM"]
[BlackTitle "GM"]
[WhiteElo "2700"]
[BlackElo "2661"]
[WhiteTeam "BayeganPendik chess sports"]
[BlackTeam "SuperChess"]
[WhiteFideId "25092340"]
[BlackFideId "24133795"]
[EventDate "2025.10.19"]
[EventType "team"]

1. c4 e6 2. Nc3 d5 3. d4 Nf6 4. Bg5 Be7 5. e3 Nbd7 6. Qc2 h6 7. Bh4 O-O 8. Nf3
c5 9. dxc5 Nxc5 10. cxd5 Nxd5 11. Bxe7 Qxe7 12. Nxd5 exd5 13. Be2 Bg4 14. O-O
Rfd8 15. Nd4 Bxe2 16. Qxe2 Rac8 17. Rfd1 Ne4 18. Rac1 Qd7 19. f3 Rxc1 20. Rxc1
Nd6 21. b3 Rc8 22. Rxc8+ Qxc8 23. Qd2 Nf5 24. Ne2 Qe6 25. Kf2 Qe5 26. Qc3 f6 27.
Qd3 Kf7 28. h3 a6 29. Qd2 Qd6 30. a4 Ne7 31. Nf4 Qe5 32. h4 g5 33. hxg5 hxg5 34.
Ne2 Nf5 35. Qd3 Kg7 36. b4 Kf8 37. g3 Ke7 38. Qd2 Kd7 39. Qc1 Qd6 40. Qc3 Qe5
41. Qd3 Ke6 42. b5 axb5 43. axb5 Ke7 44. b6 Kf7 45. Qa3 Qd6 46. Qd3 Ne7 47. Qb1
Qe6 48. g4 f5 49. gxf5 Nxf5 50. Qd3 1/2-1/2

[Event "40th ECC Open 2025"]
[Site "Rhodes GRE"]
[Date "2025.10.23"]
[Round "5.47"]
[White "Deac, Bogdan-Daniel"]
[Black "Alekseenko, Kirill"]
[Result "1/2-1/2"]
[WhiteTitle "GM"]
[BlackTitle "GM"]
[WhiteElo "2655"]
[BlackElo "2679"]
[WhiteTeam "SuperChess"]
[BlackTeam "BayeganPendik chess sports"]
[WhiteFideId "1226380"]
[BlackFideId "4135539"]
[EventDate "2025.10.19"]
[EventType "team"]

1. d4 Nf6 2. c4 e6 3. Nc3 Bb4 4. e3 O-O 5. Bd3 d5 6. Nf3 dxc4 7. Bxc4 c5 8. O-O
Nc6 9. dxc5 Bxc5 10. a3 Bd6 11. e4 Ne5 12. Be2 Nxf3+ 13. Bxf3 Be5 14. Be3 Bd7
15. Qb3 Bc6 16. Rfd1 Qb8 17. h3 h6 18. Bd4 Rd8 19. Bxe5 Qxe5 20. Qc2 a5 21.
Rxd8+ Rxd8 22. Re1 b5 23. Nb1 Bb7 24. Qc3 Qxc3 25. Nxc3 b4 26. axb4 axb4 27. Na2
Rd3 28. Nxb4 Rb3 29. Na2 Rxb2 30. Nc3 g5 31. Re3 Rb4 32. Kf1 Kf8 33. Ke1 Ke7 34.
Kd1 Nd7 35. Kc2 Nc5 36. g3 Rd4 37. e5 Bxf3 38. Rxf3 Kf8 39. Re3 Kg7 40. Ne2 Rc4+
41. Kd2 Ra4 42. Nc3 Rb4 43. Ke2 Nd7 44. Kf1 Rb3 45. Kg2 Kg6 46. f4 Nb6 47. Rf3
Nc4 48. Ne4 Rb2+ 49. Rf2 Ne3+ 50. Kf3 Rb3 51. Nd2 Ra3 52. Nb1 Ra1 53. Kxe3 Rxb1
54. fxg5 hxg5 55. Rf6+ Kg7 56. h4 Rb3+ 57. Ke4 Rb4+ 58. Ke3 gxh4 59. gxh4 Rxh4
60. Rf2 1/2-1/2

[Event "40th ECC Open 2025"]
[Site "Rhodes GRE"]
[Date "2025.10.23"]
[Round "5.48"]
[White "Murzin, Volodar"]
[Black "Dardha, Daniel"]
[Result "0-1"]
[WhiteTitle "GM"]
[BlackTitle "GM"]
[WhiteElo "2664"]
[BlackElo "2605"]
[WhiteTeam "BayeganPendik chess sports"]
[BlackTeam "SuperChess"]
[WhiteFideId "44155573"]
[BlackFideId "240990"]
[EventDate "2025.10.19"]
[EventType "team"]

1. Nf3 d5 2. c4 e6 3. g3 Nf6 4. Bg2 Bd6 5. O-O O-O 6. d4 Nc6 7. Bg5 dxc4 8. Nbd2
h6 9. Bxf6 Qxf6 10. Nxc4 e5 11. d5 Nd4 12. Nfd2 Bg4 13. f3 Bd7 14. Ne4 Qe7 15.
e3 Nf5 16. Qb3 a5 17. Rfc1 a4 18. Qd3 Qd8 19. Ncxd6 cxd6 20. Qa3 Qb6 21. Kf2 Ra5
22. Rd1 Rb5 23. Re1 Rxb2+ 24. Kg1 Rc8 25. Bf1 Rcc2 0-1

[Event "40th ECC Open 2025"]
[Site "Rhodes GRE"]
[Date "2025.10.23"]
[Round "5.49"]
[White "Fedoseev, Vladimir3"]
[Black "Bellahcene, Bilel"]
[Result "1-0"]
[WhiteTitle "GM"]
[BlackTitle "GM"]
[WhiteElo "2720"]
[BlackElo "2485"]
[WhiteTeam "Tuxera Aquaprofit Nagykanizsai Sakk Klub"]
[BlackTeam "CE Nyon"]
[WhiteFideId "24130737"]
[BlackFideId "696358"]
[EventDate "2025.10.19"]
[EventType "team"]

1. d4 Nf6 2. Nf3 e6 3. Bf4 d5 4. e3 c5 5. Nbd2 Nc6 6. c3 cxd4 7. exd4 Nh5 8. Bg5
f6 9. Be3 Bd6 10. g3 O-O 11. Bg2 f5 12. Nb3 a5 13. Nc1 Nf6 14. Nd3 Ne4 15. O-O
a4 16. Rc1 Bd7 17. Re1 Kh8 18. h4 Be8 19. Ng5 Qf6 20. Nf4 Nd8 21. c4 h6 22. Nxe4
dxe4 23. c5 Bc7 24. h5 Bf7 25. Rc4 a3 26. b4 e5 27. Ng6+ Bxg6 28. hxg6 exd4 29.
Rxd4 Ne6 30. Rd7 Rad8 31. Rxd8 Rxd8 32. Qh5 Kg8 33. Bh3 f4 34. gxf4 Nxf4 35.
Bxf4 Qxf4 36. Qg4 Qh2+ 37. Kf1 Rf8 38. Bg2 Qg3 39. Qxg3 Bxg3 40. Rxe4 Rxf2+ 1-0

[Event "40th ECC Open 2025"]
[Site "Rhodes GRE"]
[Date "2025.10.23"]
[Round "5.50"]
[White "Charnushevich, Aliaksei"]
[Black "Eljanov, Pavel"]
[Result "0-1"]
[WhiteTitle "GM"]
[BlackTitle "GM"]
[WhiteElo "2496"]
[BlackElo "2657"]
[WhiteTeam "CE Nyon"]
[BlackTeam "Tuxera Aquaprofit Nagykanizsai Sakk Klub"]
[WhiteFideId "13500767"]
[BlackFideId "14102951"]
[EventDate "2025.10.19"]
[EventType "team"]

1. d4 Nf6 2. c4 e6 3. Nc3 Bb4 4. e3 O-O 5. Ne2 Re8 6. a3 Bf8 7. e4 d5 8. e5 Nfd7
9. c5 b6 10. b4 a5 11. Be3 f6 12. exf6 Nxf6 13. f4 axb4 14. axb4 Rxa1 15. Qxa1
Nc6 16. b5 Nb4 17. Qb1 e5 18. Qxb4 bxc5 19. dxc5 d4 20. Bf2 Ng4 21. Na4 d3 22.
f5 e4 23. Bg1 Bxf5 24. Nd4 Bg6 25. h4 Qf6 26. Rh3 Qf4 27. Nb3 h5 28. Nc3 Qf7 29.
Be3 Be7 30. Nd1 Rf8 31. Nd2 Bxh4+ 32. Rxh4 Nxe3 33. Nxe3 Qf2+ 34. Kd1 Qxe3 35.
Rh1 h4 36. Qc4+ Bf7 37. Qc3 Bh5+ 38. g4 Bxg4+ 39. Kc1 Qe1+ 40. Kb2 Rf2 41. Bxd3
Qxh1 42. Bc4+ Kh7 43. b6 Qd1 0-1

[Event "40th ECC Open 2025"]
[Site "Rhodes GRE"]
[Date "2025.10.23"]
[Round "5.51"]
[White "Gledura, Benjamin"]
[Black "Willems, Niels"]
[Result "1-0"]
[WhiteTitle "GM"]
[BlackTitle "FM"]
[WhiteElo "2643"]
[BlackElo "2373"]
[WhiteTeam "Tuxera Aquaprofit Nagykanizsai Sakk Klub"]
[BlackTeam "CE Nyon"]
[WhiteFideId "712779"]
[BlackFideId "20695586"]
[EventDate "2025.10.19"]
[EventType "team"]

1. d4 Nf6 2. c4 e6 3. Bf4 d5 4. cxd5 exd5 5. e3 Bd6 6. Bxd6 Qxd6 7. Bd3 O-O 8.
Nc3 Bg4 9. Qb3 Qb6 10. h3 Be6 11. Nge2 Na6 12. Qa3 Nb4 13. Bb1 c5 14. dxc5 Qxc5
15. O-O Na6 16. Qxc5 Nxc5 17. Rd1 Rac8 18. Bc2 Nce4 19. Bb3 Nxc3 20. Nxc3 Rc5
21. Rd4 Rfc8 22. Rad1 Kf8 23. g4 h5 24. gxh5 Bxh3 25. Nxd5 Nxd5 26. Bxd5 R8c7
27. b4 Rc3 28. Kh2 Be6 29. Bxe6 fxe6 30. Rf4+ Ke8 31. Re4 Rc2 32. Kg3 Ke7 33.
Rg4 Kf6 34. Rdd4 Kf7 35. Rdf4+ Ke8 36. Rg6 Re7 37. a4 a6 38. Rfg4 Rcc7 39. Kf4
Rcd7 40. Ke4 Kd8 41. R4g5 Ke8 42. f4 Kd8 43. a5 Ke8 44. h6 gxh6 45. Rg8+ Kf7 46.
R5g7+ Kf6 47. Rg6+ Kf7 48. R8g7+ Ke8 49. Rxe7+ Rxe7 50. Rxh6 Kd7 51. Ke5 Re8 52.
e4 Re7 53. Rg6 Re8 54. Rg1 Kc6 55. Rd1 Kb5 56. Rd4 Rf8 57. f5 1-0

[Event "40th ECC Open 2025"]
[Site "Rhodes GRE"]
[Date "2025.10.23"]
[Round "5.52"]
[White "Dudognon, Thibault"]
[Black "Volokitin, Andrei"]
[Result "1/2-1/2"]
[WhiteTitle "IM"]
[BlackTitle "GM"]
[WhiteElo "2344"]
[BlackElo "2617"]
[WhiteTeam "CE Nyon"]
[BlackTeam "Tuxera Aquaprofit Nagykanizsai Sakk Klub"]
[WhiteFideId "20675569"]
[BlackFideId "14107090"]
[EventDate "2025.10.19"]
[EventType "team"]

1. e4 c5 2. Nf3 e6 3. d4 cxd4 4. Nxd4 Nc6 5. Nc3 Qc7 6. Be3 a6 7. g4 h6 8. Rg1
b5 9. Nxc6 dxc6 10. Qf3 e5 11. a4 Rb8 12. axb5 axb5 13. Ra7 Rb7 14. Ra8 Rb8 15.
Ra7 Rb7 16. Ra8 Rb8 17. Ra7 Rb7 1/2-1/2

[Event "40th ECC Open 2025"]
[Site "Rhodes GRE"]
[Date "2025.10.23"]
[Round "5.53"]
[White "Yuffa, Daniil"]
[Black "Joie, Sebastien"]
[Result "1-0"]
[WhiteTitle "GM"]
[BlackTitle "IM"]
[WhiteElo "2621"]
[BlackElo "2369"]
[WhiteTeam "Tuxera Aquaprofit Nagykanizsai Sakk Klub"]
[BlackTeam "CE Nyon"]
[WhiteFideId "24131423"]
[BlackFideId "650420"]
[EventDate "2025.10.19"]
[EventType "team"]

1. c4 e6 2. g3 d5 3. Bg2 Nf6 4. Nf3 Be7 5. O-O O-O 6. d4 dxc4 7. Qc2 a6 8. a4
Nbd7 9. Rd1 Nd5 10. Nbd2 b6 11. Nxc4 Bb7 12. Bd2 c5 13. dxc5 Nxc5 14. b4 Nd7 15.
e4 Rc8 16. Qb3 N5f6 17. Be3 Bxe4 18. Nxb6 Bc2 19. Qb2 Bxd1 20. Nxc8 Qxc8 21.
Rxd1 Nd5 22. Bd4 Bf6 23. Rc1 Qb7 24. Bxf6 N7xf6 25. b5 axb5 26. axb5 h6 27. Ne5
Rb8 28. Rc5 Rd8 29. h4 Qa8 30. b6 Qb7 31. Nc4 Qe7 32. Rb5 Nd7 33. Bxd5 exd5 34.
Rxd5 Rb8 35. Qd4 Qe1+ 36. Kg2 Nf6 37. Rd8+ Rxd8 38. Qxd8+ Kh7 39. Qd3+ g6 40. b7
Qb4 41. Qf3 Kg7 42. Ne5 1-0

[Event "40th ECC Open 2025"]
[Site "Rhodes GRE"]
[Date "2025.10.23"]
[Round "5.54"]
[White "Gautier, Selvan"]
[Black "Markus, Robert"]
[Result "1/2-1/2"]
[BlackTitle "GM"]
[WhiteElo "2248"]
[BlackElo "2535"]
[WhiteTeam "CE Nyon"]
[BlackTeam "Tuxera Aquaprofit Nagykanizsai Sakk Klub"]
[WhiteFideId "26010208"]
[BlackFideId "921637"]
[EventDate "2025.10.19"]
[EventType "team"]

1. e4 Nf6 2. e5 Nd5 3. d4 d6 4. c4 Nb6 5. f4 Bf5 6. Nc3 e6 7. Nf3 Be7 8. Bd3
Bxd3 9. Qxd3 Nc6 10. Be3 d5 11. b3 dxc4 12. bxc4 Nb4 13. Qe2 c5 14. O-O cxd4 15.
Nxd4 Qc8 16. f5 Qxc4 17. fxe6 fxe6 18. Qf3 O-O-O 19. Ncb5 Kb8 20. a4 Rhf8 21.
Qh3 Rxf1+ 22. Rxf1 N4d5 23. Bf2 Nxa4 24. Nd6 Bxd6 25. exd6 Nf4 26. Qe3 Qxd4 27.
Qxd4 Ne2+ 28. Kh1 Nxd4 29. Bxd4 Nb6 30. Bxg7 Nc4 31. g4 Rxd6 32. Rf8+ Kc7 33.
Rh8 e5 34. Rxh7 Kc6 35. g5 a5 36. Rh6 Kd5 37. Bf8 Rc6 38. h4 Ne3 39. Rxc6 bxc6
40. h5 Nf5 41. Kh2 e4 42. h6 e3 43. Kg1 Nh4 44. h7 Ng6 45. Bg7 Ke4 46. Kf1 a4
47. h8=Q Nxh8 48. Bxh8 Kf5 49. Bf6 a3 50. Ke2 a2 51. Kxe3 a1=Q 52. Bxa1 Kxg5 1/2-1/2

[Event "40th ECC Open 2025"]
[Site "Rhodes GRE"]
[Date "2025.10.23"]
[Round "5.55"]
[White "Johansson, Linus"]
[Black "Movahed, Sina"]
[Result "0-1"]
[WhiteTitle "IM"]
[BlackTitle "GM"]
[WhiteElo "2408"]
[BlackElo "2586"]
[WhiteTeam "Limhamns SK"]
[BlackTeam "Turkish Airlines sports club"]
[WhiteFideId "1711113"]
[BlackFideId "42520835"]
[EventDate "2025.10.19"]
[EventType "team"]

1. d4 Nf6 2. c4 e6 3. Nf3 d5 4. Nc3 c6 5. Bg5 Nbd7 6. e3 Qa5 7. cxd5 exd5 8. Bd3
Ne4 9. Qc2 Nxg5 10. Nxg5 h6 11. Nf3 Bd6 12. O-O Nf6 13. h3 O-O 14. a3 a6 15. b4
Qd8 16. Rab1 Re8 17. a4 Bd7 18. Rfc1 Qe7 19. b5 cxb5 20. axb5 a5 21. Na4 Ba3 22.
Rd1 Rac8 23. Qa2 Be6 24. Ra1 Bb4 25. Rdc1 Ne4 26. Bf1 Qf6 27. Qe2 Bf5 28. Qd1
Bd6 29. Nc5 b6 30. Na4 Bb8 31. Rxc8 Bxc8 32. Rc1 Bd7 33. Rc2 Qg6 34. Ne5 Bxe5
35. dxe5 Rxe5 36. Qd4 Ng5 37. Kh2 Qxc2 38. Qxe5 Qxa4 39. Qxd5 Be6 40. Qd8+ Kh7
41. Bd3+ g6 42. Qxb6 Qh4 43. Kg1 Qb4 44. Qc6 a4 45. h4 Qe1+ 46. Kh2 Nh3 47. b6
Qg1+ 48. Kg3 Qxf2+ 49. Kh2 Qg1+ 50. Kg3 Qxe3+ 51. Qf3 Qe5+ 0-1

[Event "40th ECC Open 2025"]
[Site "Rhodes GRE"]
[Date "2025.10.23"]
[Round "5.56"]
[White "Xiao, Tong(QD)"]
[Black "Jepson, Christian"]
[Result "1-0"]
[WhiteTitle "GM"]
[BlackTitle "IM"]
[WhiteElo "2537"]
[BlackElo "2402"]
[WhiteTeam "Turkish Airlines sports club"]
[BlackTeam "Limhamns SK"]
[WhiteFideId "8622388"]
[BlackFideId "1701185"]
[EventDate "2025.10.19"]
[EventType "team"]

1. e4 d6 2. d4 Nf6 3. Nc3 e5 4. Nf3 Nbd7 5. Bc4 Be7 6. O-O O-O 7. a4 exd4 8.
Nxd4 Ne5 9. Ba2 Nc6 10. h3 Nb4 11. Bb1 c5 12. Nf3 Be6 13. Ne2 Nc6 14. Nf4 Bc4
15. Re1 Re8 16. b3 Ba6 17. c4 b6 18. Ra2 Ne5 19. Rd2 Qc7 20. Bb2 Bb7 21. Nd5
Bxd5 22. exd5 Nxf3+ 23. Qxf3 Bf8 24. Rde2 Rxe2 25. Rxe2 Re8 26. Rxe8 Nxe8 27.
Qe4 1-0

[Event "40th ECC Open 2025"]
[Site "Rhodes GRE"]
[Date "2025.10.23"]
[Round "5.57"]
[White "Lindgren, Philip"]
[Black "Oro, Faustino"]
[Result "1-0"]
[WhiteTitle "IM"]
[BlackTitle "IM"]
[WhiteElo "2385"]
[BlackElo "2509"]
[WhiteTeam "Limhamns SK"]
[BlackTeam "Turkish Airlines sports club"]
[WhiteFideId "1713230"]
[BlackFideId "20000197"]
[EventDate "2025.10.19"]
[EventType "team"]

1. Nf3 d5 2. d4 Nf6 3. Bg5 Ne4 4. Bf4 c5 5. e3 Qb6 6. Qc1 Nc6 7. c3 Bf5 8. Be2
Rc8 9. O-O e6 10. Nbd2 cxd4 11. exd4 Be7 12. Be3 Nf6 13. Ne5 h6 14. Bd3 Bxd3 15.
Nxd3 O-O 16. Qd1 Qd8 17. a4 Na5 18. Qf3 a6 19. Bf4 b6 20. Rfe1 Nb7 21. h3 Nd6
22. Bxd6 Bxd6 23. g3 Qc7 24. Kg2 Rb8 25. Rec1 Rfc8 26. h4 Qd8 27. Qe2 Rc7 28.
Nf3 g6 29. Nfe5 a5 30. Ng4 Nxg4 31. Qxg4 h5 32. Qe2 Kg7 33. Re1 Qe8 34. Ra2 Ra8
35. Kg1 b5 36. axb5 Qxb5 37. Rea1 a4 38. Qd2 Qc4 39. Ne5 Qb3 40. g4 1-0

[Event "40th ECC Open 2025"]
[Site "Rhodes GRE"]
[Date "2025.10.23"]
[Round "5.58"]
[White "Ahmad, Khagan"]
[Black "Brynell, Stellan"]
[Result "1-0"]
[WhiteTitle "IM"]
[BlackTitle "GM"]
[WhiteElo "2455"]
[BlackElo "2378"]
[WhiteTeam "Turkish Airlines sports club"]
[BlackTeam "Limhamns SK"]
[WhiteFideId "13431552"]
[BlackFideId "1700219"]
[EventDate "2025.10.19"]
[EventType "team"]

1. e4 e6 2. d4 d5 3. Nd2 c5 4. Ngf3 Nc6 5. exd5 exd5 6. Bb5 Bd6 7. dxc5 Bxc5 8.
O-O Ne7 9. Nb3 Bb6 10. Re1 O-O 11. Be3 Bg4 12. h3 Bh5 13. Bxb6 axb6 14. Be2 Re8
15. Nfd4 Bxe2 16. Rxe2 Ng6 17. Rxe8+ Qxe8 18. c3 Qe4 19. Qf1 Re8 20. Nd2 Qf4 21.
N2f3 Nxd4 22. Nxd4 Qd2 23. Qb5 Re1+ 24. Rxe1 Qxe1+ 25. Qf1 Qd2 26. Qe2 Qc1+ 27.
Kh2 Kf8 28. g3 Ne7 29. Qe5 f6 30. Qe2 Qb1 31. Ne6+ Kf7 32. Nxg7 Qxa2 33. Qe6+
Kxg7 34. Qxe7+ Kg6 35. Qe8+ Kg7 36. Qd7+ Kg6 37. Qe8+ Kg7 38. Qb5 Qa5 39. Qd7+
Kg6 40. Qe8+ Kg7 41. Qe7+ Kg6 42. h4 d4 43. Qe4+ Kg7 44. Qxb7+ Kh6 45. Qf3 Qe5
46. cxd4 Qxd4 47. Qe3+ Qxe3 48. fxe3 Kh5 49. Kg2 Kg4 50. e4 h5 51. b3 b5 52. b4 1-0

[Event "40th ECC Open 2025"]
[Site "Rhodes GRE"]
[Date "2025.10.23"]
[Round "5.59"]
[White "Ziegler, Ari"]
[Black "Cieslak, Patryk"]
[Result "1/2-1/2"]
[WhiteTitle "IM"]
[BlackTitle "IM"]
[WhiteElo "2297"]
[BlackElo "2474"]
[WhiteTeam "Limhamns SK"]
[BlackTeam "Turkish Airlines sports club"]
[WhiteFideId "1700987"]
[BlackFideId "21078882"]
[EventDate "2025.10.19"]
[EventType "team"]

1. d4 d5 2. c4 e6 3. Nc3 Nf6 4. Nf3 dxc4 5. e4 b5 6. e5 Nd5 7. Nxb5 Nb6 8. Nc3
Nc6 9. Be2 Be7 10. O-O O-O 11. Be3 Rb8 12. Na4 Ba6 13. a3 Qd7 14. Nxb6 cxb6 15.
Qc2 Rbc8 16. Qe4 Rfd8 17. Rad1 Bb7 18. Qg4 Na5 19. Ng5 Rf8 20. h4 Kh8 21. Bf3
Bd5 22. Qh5 Bxg5 23. hxg5 Qa4 24. Bxd5 exd5 25. Bd2 Nc6 26. Bc3 Qc2 27. f4 Qg6
28. Qh4 f5 29. gxf6 gxf6 30. f5 Qg7 31. Rf2 Rce8 32. e6 Rg8 33. Bd2 Qe7 34. Re1
b5 35. Re3 Rg7 36. Rg3 Rxg3 37. Qxg3 Nxd4 38. Bb4 Qg7 39. Qh4 Nc6 40. Bc3 Rf8
41. Rd2 Ne7 42. Qf4 Rg8 43. g4 a5 44. Kf1 b4 45. axb4 axb4 46. Bxb4 Nc6 47. Bc3
Rd8 48. g5 d4 49. Bxd4 Nxd4 50. Rxd4 Rxd4 51. Qxd4 Qxg5 52. Qd8+ Kg7 53. Qc7+
Kh6 54. Qh2+ Kg7 55. Qc7+ Kh6 56. Qh2+ Kg7 1/2-1/2